Responses for Show #6882 - Tuesday, July 15, 2014

Contestants

[<< previous game]

Anna Lawrence, a commercial insurance broker from Duluth, Minnesota

Ed Patterson, an attorney from Washington, D.C.

Ben-Hur Flores, a customer service representative from Tampa, Florida (whose 1-day cash winnings total $20,000)

[next game >>]

Jeopardy! Round responses

WORLD CAPITAL MUSEUMS
YELLOWSTONE NATIONAL PARK
HODGEPODGE
THAT NBC SHOW WAS FUNNY
TO THE STARS & BEYOND
SOUNDS LIKE A LANGUAGE
    $200 6
Dublin

Ed
    $200 11
(Ed: Who is John Muir?)
...
(Alex: Yes. President.)

Teddy Roosevelt

Ben-HurEd
    $200 18
Michael Jordan

Ed
    $200 13
Seinfeld

Ben-Hur
    $200 24
Mars

Ben-Hur
    $200 1
(Ben-Hur: What is French?)

wrench

Ben-HurAnna
    $400 7
Oslo

Anna
    $400 12
Old Faithful

Ed
    $400 19
Babel

Ben-Hur
    $400 14
Friends

Anna
    $400 25
light years

Ed
    $400 2
(Anna: What is Shangri-La?)

Utopian

EdAnna
    $600 8
Washington, D.C.

Ed
    $600 21
the Grand Canyon

Ed
    $600 20
the Preamble

Anna
    $600 15
Frasier

Triple Stumper
    $600 28
Andromeda

Ben-Hur
    $600 3
parish

Anna
    $800 9
Rome

Anna
    $1,400 26
bison

Ed
    $800 22
beds

Ben-Hur
    $800 16
Will & Grace

Anna
    $800 29
spiral

Anna
    $800 4
a Tagalong

Ed
    $1000 10
Berlin

Ben-Hur
    $1000 27
pine

Anna
    $1000 23
(Ed: What is an eclair?)
...
(Alex: [*]. "N to N".)

a Napoleon

EdAnna
    $1000 17
(Ben-Hur: What is WKRP in Cincinnati?)

NewsRadio

Ben-HurAnna
    $1000 30
(Anna: What is nebular?)

Oort (cloud)

Ben-HurAnna
    $1000 5
artesian

Ben-Hur

Scores at the first commercial break (after clue 15):

Ben-Hur Ed Anna
$2,200 $2,200 $2,000

Scores at the end of the Jeopardy! Round:

Ben-Hur Ed Anna
$4,200 $3,800 $6,200

Double Jeopardy! Round responses

WHO WON THE WAR ANYWAY?
ON THE BOOKSHELF
MOVIE TITLE REFERENCES
FAMILIAR PHRASES
THEY CAME FROM HAWAII
LET'S GO TO ALASKA
    $400 15
the Roman Empire

Ed
    $400 1
1984

Ben-Hur
    $400 10
The Help

Ed
    $400 20
gills

Ben-Hur
    $400 9
Miss America

Ed
    $400 8
Anchorage

Anna
    $800 16
(Ben-Hur: Who are the Boxers?)

the Communists

Ben-HurEd
    $800 2
Lestat

Anna
    $800 11
The Green Mile

Ed
    $800 21
(Alex: And it makes so much sense. Read [*].)

the instructions

Triple Stumper
    $800 24
Barack Obama

Anna
    $800 7
the Yukon River

Triple Stumper
    $1200 17
Franco

Anna
    $1200 3
A Clockwork Orange

Ed
    $1200 12
Inception

Ed
    $1200 28
cake

Anna
    $1200 25
Michelle Wie

Ed
    $1200 6
(Ben-Hur: What is Kodiak?)

Little Diomede Island

Ben-Hur
Triple Stumper
    $1600 18
Charles I

Ben-Hur
    $1600 4
Bleak House

Ben-Hur
    $1600 13
Full Metal Jacket

Ed
    $1600 29
(till he died in the) last ditch

Triple Stumper
    $1600 26
Don Ho

Anna
    $1,800 22
(Ben-Hur: I don't know.)

the Seward peninsula

Ben-Hur
    $2000 19
Chile

Ed
    $2000 5
Grendel

Ben-Hur
    $2,000 14
(Alex: Yes. Barbara Stanwyck/Fred MacMurray movie.)

Double Indemnity

Ed
    $2000 30
raison d'ĂȘtre

Anna
    $2000 27
sumo wrestling

Ed
    $2000 23
Kodiak (Island)

Triple Stumper

Scores at the end of the Double Jeopardy! Round:

Ben-Hur Ed Anna
$6,400 $17,800 $14,200

[wagering suggestions for these scores]

Final Jeopardy! Round responses

U.S. GOVERNMENT PEOPLE
Ben-HurWhat is Surgeon General?
$6,000
AnnaWhat is the Surgeon General
$5,800
EdWhat is the Surgeon General
$10,600
the Surgeon General

Final scores:

Ben-Hur Ed Anna
$12,400 $28,400 $20,000
3rd place: $1,000 New champion: $28,400 2nd place: $2,000

Game dynamics:

Coryat scores:

Ben-Hur Ed Anna
$8,200 $17,200 $14,200
14 R,
5 W
(including 1 DD)
21 R
(including 2 DDs),
2 W
18 R,
2 W

Combined Coryat: $39,600

[game clues] [game scores] [suggest correction]

Game tape date: 2014-03-19
The J! Archive is created by fans, for fans. Scraping, republication, monetization, and malicious use prohibited; this site may use cookies and collect identifying information. See terms. The Jeopardy! game show and all elements thereof, including but not limited to copyright and trademark thereto, are the property of Jeopardy Productions, Inc. and are protected under law. This website is not affiliated with, sponsored by, or operated by Jeopardy Productions, Inc. Join the discussion at JBoard.tv.